ՀՀ Գիտությունների ազգային ակադեմիայի հիմնարար գիտական գրադարան  =   Fundamental Scientific Library of NAS RA

Հասարակագիտությունը առաջին աստիճանի դպրոցում / (Record no. 188002)

MARC details
000 -LEADER
fixed length control field 00752nam a2200205 a 4500
001 - CONTROL NUMBER
control field 000506754
003 - CONTROL NUMBER IDENTIFIER
control field AM-YEHGA
005 - DATE AND TIME OF LATEST TRANSACTION
control field 20250618072706.0
008 - FIXED-LENGTH DATA ELEMENTS--GENERAL INFORMATION
fixed length control field 061031s1926 ru | |||||||||||||arm|d
040 ## - CATALOGING SOURCE
Original cataloging agency AM-YeHGA
041 1# - LANGUAGE CODE
Language code of text/sound track or separate title arm
Language code of original rus
090 ## - LOCALLY ASSIGNED LC-TYPE CALL NUMBER (OCLC); LOCAL CALL NUMBER (RLIN)
-- 189468
100 ## - MAIN ENTRY--PERSONAL NAME
Personal name Ժավորոնկով, Բ
9 (RLIN) 5104
245 10 - TITLE STATEMENT
Title Հասարակագիտությունը առաջին աստիճանի դպրոցում /
Statement of responsibility, etc. Բ. Ժավորոնկով.
260 ## - PUBLICATION, DISTRIBUTION, ETC.
Place of publication, distribution, etc. Մոսկվա :
Name of publisher, distributor, etc. ԽՍՀՄ ժող. կենտր. հրատ.,
Date of publication, distribution, etc. 1926.
300 ## - PHYSICAL DESCRIPTION
Extent 88 էջ ;
Dimensions 23 սմ.
500 ## - GENERAL NOTE
General note Թարգմ. ռուս. III հրատարակությունից
650 14 - SUBJECT ADDED ENTRY--TOPICAL TERM
Topical term or geographic name entry element Հասարակական-քաղաքական գրականություն
Form subdivision Դասագիրք
942 ## - ADDED ENTRY ELEMENTS (KOHA)
Source of classification or shelving scheme Universal Decimal Classification
Koha item type Գրքեր / Books
Holdings
Withdrawn status Lost status Damaged status Not for loan Collection Home library Current library Date acquired Cost, normal purchase price Total checkouts Full call number Barcode Date last seen Price effective from Koha item type Public note Source of classification or shelving scheme
        General Fundamental Scientific Library Fundamental Scientific Library 28/12/2016 26.00   AII/25213 220025213 28/12/2016 28/12/2016 Գրքեր / Books 30 Days Loan  
        Kusikian Individual Collection Fundamental Scientific Library Fundamental Scientific Library 01/10/2020     Կուս/1001 FL0624760 01/10/2020 01/10/2020 Գրքեր / Books ILL Non-Circ Universal Decimal Classification
        Kusikian Individual Collection Fundamental Scientific Library Fundamental Scientific Library 08/07/2021     Կուս/33419 FL0649746 08/07/2021 08/07/2021 Գրքեր / Books ILL Non Circ  


ՀՀ ԳԱԱ հիմնարար գիտական գրադարան
ՀՀ,Երևան 0019
Մարշալ Բաղրամյան 24/6
հեռախոս:(374-10) 52-47-50
Հետադարձ կապ

All site content, except where otherwise noted, is licensed under a
Creative Commons License